Humanism in the renaissance of Islam : the cultural revival during the Buyid Age /

محفوظ في:

المؤلف الرئيسي: Kraemer, Joel L. (مؤلف)

التنسيق: كتاب

اللغة: English

منشور في: Leiden : E.J. Brill, 1986.

سلاسل: Studies in Islamic culture and history series ; 7.

الموضوعات:

الوسوم: إضافة وسم

لا توجد وسوم, كن أول من يضع وسما على هذه التسجيلة!

رقم الطلب: DS36.855 .K72 1986

LEADER 00951namaa2200289 4500
001 20632
003 OSt
005 20251124145811.0
008 130303s1986 ne b 001 0 eng d
010 |a 86206173 
020 |a 9004072594 
040 |c ARCE Library 
043 |a aw-----  |a a-iq--- 
050 4 |a DS36.855 .K72 1986 
100 1 |a Kraemer, Joel L.,  |e author 
245 1 0 |a Humanism in the renaissance of Islam :  |b the cultural revival during the Buyid Age /  |c by Joel L. Kraemer.  
264 1 |a Leiden :   |b E.J. Brill,   |c 1986. 
300 |a ix, 329 pages :  |c 25 cm.  
490 1 |a Studies in Islamic culture and history series ;   |v 7. 
504 |a Includes bibliographical references (pages [290]-301) and index. 
650 0 |a Islamic civilization. 
650 0 |a Humanism.  
651 0 |a Iraq  |x Civilization  |y 634-1921. 
830 0 |a Studies in Islamic culture and history series ;   |v 7. 
901 |a reviewed 
942 |c BK  |2 lcc 
999 |c 18228  |d 18228